Estatísticas para Cultura Geral

Clique aqui para jogar o quiz

Estatísticas Gerais

  • Esse quiz foi jogado 12 vezes
  • A pontuação média é 6 de 15

Estatísticas das Respostas

HintResposta% Correto
Que país importou cerca de quatro milhões de escravos antes de finalmente proibir a escravidão em 1888?Brasil
100%
Como se diz oito em espanhol?Ocho
80%
Que ramo da medicina trata o cancro?Oncologia
60%
A que país pertence o queijo Colby?Estados Unidos
50%
Que estado dos EUA é vizinho do Texas e começa com a letra O?Oklahoma
50%
Que comércio a Companhia Holandesa das Índias Orientais dominou nos séculos XVII e XVIII?Especiarias
40%
A que país pertence o queijo Chabichou?França
40%
A que país pertence o queijo Antótiros?Grécia
40%
Em que parte do jornal vem as mortes?Obituário
30%
Que montanha tem a cara de presidentes?Rushmore
30%
A que país pertence o queijo Kotijuusto?Finlândia
20%
Qual é a última letra do alfabeto grego?Ómega
20%
A que país pertence o queijo Kesong puti?Filipinas
10%
A que país pertence o queijo Suluguni?Geórgia
10%
Que licor com sabor de anis popular na Grécia começa com a letra O?Ouzo
0%

Distribuição das Pontuações

Percentil de Números Respondidos

Porcentagem de Pessoas com Cada Pontuação

Sua Pontuação Histórica

Você não jogou esse quiz